000 01086cab a2200337 4500
001 ABS59711
008 090401t1998 xxu||||| |||| 00| 0 eng d
035 _a(Sirsi) u89662
041 _aeng
245 _aForecast
260 _c1998
350 _a0
490 _aThe Quantity Surveyor (New Zealand)
_vSpring 1998, 30-40(11)
520 _aA report on trends in property and construction in New Zealand. Discussesthe outlook for building activity, industry views, development prospects by building type, and building cost trends. Includes New Zealand Construction Cost Guide.
650 _aBUILDING ACTIVITY
650 _aBUILDING CONSENTS
650 _aBUILT ENVIRONMENT-BUILDING COSTS
650 _aCONSTRUCTION INDUSTRY
650 _aDEVELOPMENT
650 _aHEALTH SECTOR
650 _aINDUSTRIAL SECTOR
650 _aInfrastructure
_96246
650 _aLEISURE SECTOR
650 _aNEW ZEALAND
650 _aOFFICE SECTOR
650 _aRETAIL SECTOR
650 _aTRENDS
690 _aOVERSEAS-REST OF THE WORLD
942 _n0
948 _c13/11/1998
999 _c56757
_d56757